Les meilleurs buteurs du FC Barcelone depuis 2010 - Statistiques

Statistiques générales
  • Ce quiz a été pris 6 061 fois
  • Le résultat moyen est 15 sur 27
Statistiques - réponses
Joueurs Buts % Correct
Lionel Messi 507
100%
Luis Suarez 198
99%
Neymar 105
98%
Andrés Iniesta 33
94%
Xavi 31
93%
Gérard Piqué 40
87%
Jordi Alba 17
80%
Sergio Busquets 11
78%
David Villa 48
73%
Ousmane Dembele 19
73%
Pedro 75
72%
Daniel Alves 13
66%
Ivan Rakitic 35
65%
Carles Puyol 10
64%
Antoine Griezmann 15
63%
Alexis Sanchez 47
49%
Philippe Coutinho 21
47%
Cesc Fabregas 42
27%
Arturo Vidal 11
25%
Rafinha 12
19%
Thiago Alcantara 10
19%
Paco Alcacer 15
17%
Arda Turan 15
16%
Munir El Haddadi 12
13%
Cristian Tello 20
11%
Adriano 17
10%
Seydou Keita 10
10%
Aucun quiz correspondant
Distribution des résultats
% des personnes avec chaque résultat
Percentile par nombre de réponses
Votre historique - résultats
Vous n’avez pas pris ce quiz